JDBC ovládač pre súborový systém

Guardado en:
Detalles Bibliográficos
Autor principal: Kiss, Zsolt (Autor)
Otros Autores: Szabó, Gabriel (Orientador)
Formato: Manuscrito Libro
Lenguaje:eslovaco
Publicado: 2023
Materias:
Acceso en línea:http://is.stuba.sk/zp/portal_zp.pl?podrobnosti=148417
Etiquetas: Agregar Etiqueta
Sin Etiquetas, Sea el primero en etiquetar este registro!

MARC

LEADER 00000ntm a22000003a 4500
001 stuzp92440
003 SK-STU
005 20230909213152.0
007 ta
008 150427s2015----xo-----f-mn---000-0-slo-d
040 |a STU  |b slo 
041 0 |a slo 
100 1 |a Kiss, Zsolt  |u 070400  |4 aut  |U FIIT Fakulta informatiky a informačných technológií  |T FIIT Ústav počítačového inžinierstva a aplikovanej informatiky  |X 92223  |U I400  |Y 672  |7 92223 
242 0 1 |a JDBC driver for the file system  |y eng 
245 1 0 |a JDBC ovládač pre súborový systém 
260 |c 2023 
650 4 |a súborový systém  |2 slo 
650 4 |a jdbc ovládač  |2 slo 
650 4 |a ľudsky čitateľný formát  |2 slo 
650 4 |a jdbc api  |2 slo 
650 4 |a file system  |2 eng 
650 4 |a jdbc api  |2 eng 
650 4 |a jdbc driver  |2 eng 
650 4 |a human readable format  |2 eng 
700 1 |a Szabó, Gabriel  |4 ths  |X 22280  |7 A000022280 
856 4 |u http://is.stuba.sk/zp/portal_zp.pl?podrobnosti=148417